00632nam a2200181 i 450000100060000000300090000600500170001500700030003200800410003510000310007624500980010726000730020530000310027849000400030971000300034983000370037985200340041669741ES-MaACL20250707073850.0t|040709s1956 sp ||||1| spa d1 aGarcía Gómez, Hilario.10aEstructura y función de la aponeurosis de los dedos de la mano /cHilario García Gómez. aSalamanca : b[Universidad de Salamanca], c1956 (eMadrid : fJura) a56 p., 6 lám. ; c24 cm.1 aActa Salmanticensia. Medicina ; v22 aUniversidad de Salamanca.00aActa Salmanticensia. Medicinav2 aES-MaACLj1980-F-13 bR.40693